El caballero de la mesa redonda y otros relatos / (Registro nro. 11578)

Detalles MARC
000 -LIDER
fixed length control field 00789nam a22002537a 4500
001 - NÚMERO DE CONTROL
Identificador de número de control 000556
003 - IDENTIFICACDOR DE NÚMERO DE CONTROL
control field DO-SdBNP
005 - DATE AND TIME OF LATEST TRANSACTION
control field 20180130102757.0
007 - CAMPOS FIJOS DE DESCRIPCIÓN FÍSICA
fixed length control field 000556
008 - ELEMENTOS DE LONGITUD FIJA
fixed length control field 161017b 1992 sp ||||| |||| 00| 0 spa d
020 ## - ISBN
International Standard Book Number 8479693002
040 ## - FUENTE DE CATALOGACIÓN
Agencia que crea de manera original el registro BPMSU
Idioma de catalogación spa
Agencia que realiza la transcripción BPMSU
092 ## - LOCALLY ASSIGNED DEWEY DECIMAL CALL NUMBER
Número de clasificación xxxxx
Número de ítem (Cutter) xxxxx
100 1# - ASIENTO PRINCIPAL -- NOMBRE PERSONAL
Nombre personal Alas, Leopoldo,
Fechas asociadas con el nombre 1852-1901.
245 10 - MENCIÓN DE TITULO
Título El caballero de la mesa redonda y otros relatos /
Mención de responsabilidad Leopoldo Alas "Clarín"
260 ## - PUBLICACIÓN, DISTRIBUCIÓN, ETC. (PIE DE IMPRENTA)
Lugar de publicación, distribución, etc [Madrid] :
Nombre del editor, distribuidor, etc. Compañía Europea de Comunicación e Información :
-- Anaya,
Fecha de publicación, distribución, etc 1992.
300 ## - DESCRIPCIÓN FÍSICA
Extensión 94 p. ;
Dimensiones 19 cm.
490 1# - MENCIÓN DE SERIES
Mención de serie Biblioteca de El sol
Volume/sequential designation 266
500 ## - NOTA GENERAL
Nota general Incluye datos del autor.<br/>
830 #0 - ASIENTO SECUNDARIO DE SERIE--TÍTULO UNIFORME
Título uniforme Biblioteca de El sol ;
Volume number/sequential designation 266
942 ## - ADDED ENTRY ELEMENTS (KOHA)
Source of classification or shelving scheme Dewey Decimal Classification
Koha item type Libros
945 ## - INFORMACIÓN DE PROCESAMIENTO LOCAL
Información de procesamiento local Inventariado, 2018/ YL
956 ## - LOCAL ELECTRONIC LOCATION AND ACCESS (OCLC)
Nombre de host LOPEREZ
Número de acceso 10
Información de compresión BPMSU
Existencias
Withdrawn status Lost status Source of classification or shelving scheme Damaged status Not for loan Collection code Home library Current library Date acquired Source of acquisition Total Checkouts Barcode Date last seen Price effective from Koha item type
    Dewey Decimal Classification     Colección General Biblioteca Pública Metropolitana Salomé Ureña Biblioteca Pública Metropolitana Salomé Ureña 10/17/2016 Donación   BPMSU16100190 10/17/2016 10/17/2016 Libros